000 00669nam a22002057a 4500
010 _aENG-112156
020 _a9789380599991
_c695.00
035 _aEN-95688
037 _bDBAD/PUB
082 _a618
100 _aMukherji, Joydev
245 _aBasics of gynaecology for examinees /
_cby Joydev Mukherji, Rajendra Prasad Ganguly [and] Subrata Lall Seal
260 _aKolkatta
_bAcademic Publishers
_c2015
270 _a5A, Bhawani Dutta Lane,
_bKolkatta
_e700073
300 _axvi,692p.:
_c24cm(pbk)
_bill.
500 _aIncludes index
700 _aGanguly, Rajendra Prasad
700 _aSeal, Subrata Lall
942 _2ddc
_cEN
_mMUK
_h618
999 _c91367
_d91367